| 000 | 00920nam a2200277 i 4500 | ||
|---|---|---|---|
| 001 | bg | ||
| 245 | 0 | 0 |
_aStratigraphy. _nP. 3b, _pCainozoic, Quaternary / _cJózef Edward Mojski ; [transl. from Pol. Jerzy Dłutek] ; Geological Institute. |
| 246 | 0 |
_iTyt. oryg.: _aStratygrafia |
|
| 260 |
_aWarsaw : _bWydawnictwa Geologiczne, _c1985. |
||
| 300 |
_a244, [4] s. : _bmapy, rys., wykr. ; _c25 cm. |
||
| 500 | _aPrzeróbka pracy zbiorowej : [Kenozoik, czwartorzęd]. | ||
| 504 | _aBibliogr. s. 202-228. - Indeksy. | ||
| 650 | 9 |
_aGeologia historyczna _zPolska |
|
| 650 | 9 |
_aKenozoik _zPolska |
|
| 650 | 9 |
_aCzwartorzęd _zPolska |
|
| 700 | 1 | _aMOJSKI, Józef Edward. | |
| 700 | 1 |
_aDŁUTEK, Jerzy. _eTł. |
|
| 830 | _aGeology of Poland | ||
| 020 | _a8322002505 | ||
| 040 | _cBPK | ||
| 041 | 1 |
_aen _hpl |
|
| 080 | _a551.79(438) | ||
| 920 | _a83-220-0250-5 | ||
| 942 | _cKS | ||
| 008 | s pl f |000 0 pol | ||
| 999 |
_c31417 _d31417 |
||
| 856 |
_uhttp://koha.tu.koszalin.pl/cgi-bin/koha/opac-detail.pl?biblionumber=31417 _yKatalog online BPK |
||